669 pt 2 #5 (Gouap) - Statistiques

Statistiques générales
  • Ce quiz a été pris 3 fois
  • Le résultat moyen est 43 sur 72
Statistiques - réponses
Hint Réponse % Correct
100%
Couplet 5 (Gouap) Zou-zou
100%
a
67%
ça
67%
C'est
67%
comme
67%
comme
67%
dans
67%
de
67%
de
67%
d'Poudlard
67%
dynamite
67%
elle
67%
Et
67%
Et
67%
Faut
67%
foulard
67%
fous
67%
Hermès
67%
J'les
67%
j'mets
67%
la
67%
la
67%
67%
la
67%
le
67%
le
67%
le
67%
le
67%
les
67%
les
67%
l'faire
67%
magie
67%
nous
67%
on
67%
opère
67%
pas
67%
plus
67%
pour
67%
purp'
67%
Quand
67%
que
67%
qu'est-ce
67%
Royal
67%
si
67%
sinon
67%
sont
67%
sortait
67%
Tanger
67%
teh
67%
travailler
67%
tu
67%
un
67%
un
67%
un
67%
cadre
33%
chaud
33%
codé'
33%
cup
33%
Danger
33%
d'être
33%
dynamique
33%
fuck
33%
fufus
33%
KGB
33%
l'côté
33%
sauna
33%
Soda
33%
sur
33%
t'déranges
33%
vois
33%
zouzous
33%
Aucun quiz correspondant
Distribution des résultats
% des personnes avec chaque résultat
Percentile par nombre de réponses
Votre historique - résultats
Vous n’avez pas pris ce quiz